000 005970000a22001810004500
003 MACL
005 20160128114207.0
008 160128b xxu||||| |||| 00| 0 eng d
040 _aMACL
_cMACL
041 _aHindi
082 _a378/KIR
100 _aप्रतियोगिता किरण
_934720
245 _aएस एस सी कम्‍बाइन्‍ड मैट्रिक लेवल मुख्‍य परीक्षा
260 _bकिरण प्रकाशन
_aपटना
350 _a100
650 _aEducations
_932508
942 _cHIN
_k378/KIR
_2ddc
999 _c30591
_d30591